000 00563nam a2200193Ia 4500
005 20250508154213.0
008 008 250505s9999 xx 000 0 eng d
037 _aTextual
040 _aFEDL
_beng
_cFEDL
041 _aeng
_2eng
084 _a745.54, NCE
_qFEDL
245 0 _aPapier mache
245 0 _cNCERT (New Delhi India)
260 _aNew Delhi, India
_bNational Council of Educational Research and Training
_c1963
300 _a95p
490 _aCrafts for basic schools
942 _cTEXL
_h745.54, NCE
999 _c1348524
_d1348524